Prefectures of the Kingdom of Greece in 1903 on a Map - Statistics

General Stats
  • This quiz has been taken 70 times
  • The average score is 12 of 26
Answers on the Map
Answers color-coded by a green-red scale on the quiz's map according to % correct below.
 
Answer Stats
Answer % Correct
Attica
87%
Corfu
87%
Euboea
87%
Cephalonia
64%
Cyclades
64%
Zakynthos
64%
Larissa
62%
Laconia
55%
Achaea
49%
Arcadia
49%
Corinthia
42%
Messenia
42%
Argolis
40%
Acarnania and Aetolia
40%
Trikala
40%
Elis
40%
Boeotia
38%
Magnesia
34%
Arta
32%
Karditsa
26%
Phocis
25%
Phthiotis
25%
Evrytania
17%
Lacedaemon
17%
Leukas
17%
Triphylia
11%
No matching quizzes found
Score Distribution
Percent of People with Each Score
Percentile by Number Answered
Your Score History
You have not taken this quiz